Statistics for 2023 NBA All-Star Saturday Particpants

Click here to take the quiz!

General Stats

  • This quiz has been taken 70 times
  • The average score is 18 of 23

Answer Stats

Event / Team / NumberAnswer% Correct
3-Point Contest / Trail Blazers / 0Damian Lillard
97%
3-Point Contest / Celtics / 0Jayson Tatum
97%
Skills Challenge (DNP) / Bucks / 34Giannis Antetokounmpo
95%
3-Point Contest / Knicks / 30Julius Randle
92%
Skills Challenge / Jazz / 00Jordan Clarkson
90%
3-Point Contest / Pacers / 0Tyrese Haliburton
90%
3-Point Contest / Heat / 14Tyler Herro
87%
3-Point Contest / Jazz / 23Lauri Markkanen
86%
Dunk Contest / 76ers / 9Mac McClung
84%
3-Point Contest (DNP) / Trail Blazers / 1Anfernee Simons
83%
Skills Challenge / Bucks / 21Jrue Holiday
83%
3-Point Contest / Pacers / 24Buddy Hield
81%
Skills Challenge / Magic / 5Paolo Banchero
79%
3-Point Contest / Kings / 9Kevin Huerter
76%
Skills Challenge / Bucks / 43Thanasis Antetokounmpo
75%
Skills Challenge / Jazz / 2Collin Sexton
73%
Skills Challenge / Bucks-Herd / 29Alex Antetokounmpo
71%
Skills Challenge / Pistons / 23Jaden Ivey
71%
Skills Challenge / Rockets / 1Jabari Smith Jr.
67%
Skills Challenge / Jazz / 24Walker Kessler
67%
Dunk Contest / Pelicans / 25Trey Murphy III
62%
Dunk Contest / Knicks / 45Jericho Sims
60%
Dunk Contest / Rockets / 6KJ Martin / Kenyon Martin Jr.
57%

Score Distribution

Percentile by Number Answered

Percent of People with Each Score

Your Score History

You have not taken this quiz